000 00880nam a22002897a 4500
001 BR8502532
003 BR-BrBNA
005 20230928092154.0
007 ta
008 230509b bl.||||| |||| 00| 0 por d
040 _aBR-BrBNA
_bpor
_cBiblioteca Nacional de Agricultura
041 _a(Por)
072 _aF30; A50
_b0312
_b2480
090 _ 0312 BR8502532
110 1 _aCentro Nacional de Pesquisa da Seringueira e Dende, Manaus, AM (Brasil)
245 1 _aRelatorio tecnico anual do Centro Nacional de Pesquisa de Seringueira e Dende 1983-1984 [pesquisa agropecuaria]
260 3 _aManaus, AM (Brasil):
_c1985.
300 _a200 p.
500 _a14 graphs
650 _aDENDE
650 _aSERINGUEIRA
650 _aMELHORAMENTO GENETICO VEGETAL
650 _aCLONE
650 _aCOMPETICAO DE VARIEDADE
909 _a202309
_bLucia
_c55
_dLucia Elande
942 _cBK
999 _c37509
_d37509